| 000 | 01243cam a2200289 a 4500 | ||
|---|---|---|---|
| 003 | EG-GiCUC | ||
| 005 | 20250223032116.0 | ||
| 008 | 181113s1995 ua o f m 000 0 eng d | ||
| 040 |
_aEG-GiCUC _beng _cEG-GiCUC |
||
| 041 | 0 | _aeng | |
| 049 | _aDeposite | ||
| 097 | _aPh.D | ||
| 099 | _aCai01.12.14.Ph.D.1995.El.E | ||
| 100 | 0 | _aElham Elabgy Hassan Saleh | |
| 245 | 1 | 0 |
_aEffect of some botanical extracts as potential insecticides for the control of some mosquito species in Egypt / _cElham Elabgy Hassan Saleh ; Supervised Refaat Gharib Abouela , Samira Sadik , Adel A. Elfishawi |
| 246 | 1 | 5 | _aتأثير بعض المستخلصات النباتية كمبييدات حشرية فعالة لمكافحة بعض أنواع الباعوض في مصر |
| 260 |
_aCairo : _bElham Elabgy Hassan Saleh , _c1995 |
||
| 300 |
_a157 Leaves : _bPhtographs ; _c30cm |
||
| 502 | _aThesis (Ph.D.) - Cairo University - Faculty of Science - Department of Entomology | ||
| 700 | 0 |
_aAdel A. Elfishawi , _eSupervisor |
|
| 700 | 0 |
_aRefaat Gharib Abouela , _eSupervisor |
|
| 700 | 0 |
_aSamira Sadik , _eSupervisor |
|
| 856 | _uhttp://172.23.153.220/th.pdf | ||
| 905 |
_aNazla _eRevisor |
||
| 905 |
_aShimaa _eCataloger |
||
| 942 |
_2ddc _cTH |
||
| 999 |
_c68520 _d68520 |
||